| 000 | 00859nam a22002897a 4500 | ||
|---|---|---|---|
| 003 | CHAP | ||
| 005 | 20220329135622.0 | ||
| 008 | 971013s1981 r 00010 d | ||
| 010 | _a39400 | ||
| 011 | _a40372 | ||
| 035 | _a44497 | ||
| 040 | _cCHAP | ||
| 082 |
_a547 _bF5Y |
||
| 100 | 0 | 0 |
_aFieser, Louis Frederick. _940787 |
| 245 | _aQuímica orgánica fundamental | ||
| 260 |
_aBarcelona : _bDeverté, _c1981 |
||
| 300 |
_a373 p. _b: ilus. |
||
| 590 |
_aBATCH-UPD _b10 _c20130110 _lUCH01 _h2052 |
||
| 590 |
_aBATCH-UPD _b10 _c20130410 _lUCH01 _h1406 |
||
| 590 |
_aBATCH-UPD _b10 _c20130914 _lUCH01 _h1643 |
||
| 590 |
_aCONVERSION _b10 _c20130109 _lUCH01 _h1322 |
||
| 650 | 1 | 4 |
_aQuímica orgánica. _993598 |
| 700 | 0 |
_aFieser, Mary A. _940788 |
|
| 901 | _aBK | ||
| 942 | _cLIBRO | ||
| 949 |
_a547 F5Y _bBC _cLIBRO _d33724000917381 _eLIBRO _gI.126118 _h65482 _i44497 _si |
||
| 999 |
_c39400 _d39400 |
||